Statistics for Joe Biden Quiz

Click here to take the quiz!

General Stats

  • This quiz has been taken 654 times
  • The average score is 13 of 22

Answer Stats

HintAnswer% Correct
Political affiliationDemocratic
93%
His vice presidentKamala Harris
88%
Political rival he defeated in 2020Donald J. Trump
85%
SpouseJill Biden
82%
Homestate he used to represent for 36 yearsDelaware
81%
How his first wife diedcar crash
80%
ChildrenHunter
79%
Preferred way of traveling during his time as SenatorAmtrak train
69%
What/who are "Champ" and "Major"?his dogs
65%
ChildrenBeau
64%
Biden is the second U.S. president (after JFK) to be ...Catholic
64%
He suffered from this communication disorder in his childhoodstuttering
62%
He has a fond love for this dessertice cream
61%
Middle nameRobinette
58%
BirthplaceScranton
54%
He is one of only two people to have received this
highly valued presidential award in the 21st century
Presidential Medal of Freedom
with Distinction
36%
Motto of his presidency#BuildBackBetter
32%
Word meaning 'nonsense' or 'meaningless talk'malarkey
32%
Committee he was the Senate Chair of
(Hint: later major advisor to Obama in that same field)
foreign relations
29%
ChildrenAshley
28%
ChildrenNaomi
22%
Place where he was sworn into the Senatehospital
20%

Score Distribution

Percentile by Number Answered

Percent of People with Each Score

Your Score History

You have not taken this quiz